000 00353 a2200157 4500
001 151628
040 _cEscola São Tomás de Aquino
100 _aCARRASCO, Walcyr
240 1 0 _aA rainha da neve
_lpor
245 1 0 _aA rainha da neve
300 _a152
362 0 _a2012
440 1 _aModerna
697 _a*LITERATURA INFANTO JUVENIL
942 _cBK
999 _c151628
_d151628